La modernización agrícola en México: una estocada sobre la economía campesina /

Wedi'i Gadw mewn:
Manylion Llyfryddiaeth
Prif Awdur: Torres Torres, Felipe
Fformat: Texto
Pynciau:
Tagiau: Ychwanegu Tag
Dim Tagiau, Byddwch y cyntaf i dagio'r cofnod hwn!

MARC

LEADER 00000 a a2200000 04500
001 45969
003
040
100 |a Torres Torres, Felipe  
245 |a La modernización agrícola en México:   |b una estocada sobre la economía campesina /  |c Felipe Torres Torres  
650 |a MEXICO  
650 |a EOCNOMIA  
773 |g número55 (1991), páginas 14-17  
999 |c 25333  |d 25333